000 00641nam a2200241 a 4500
001 53359
003 BD-RjUL
005 20211209075940.0
008 161005s1996 nyua|||| |||| 001 0 eng d
020 _a0471828726
035 _a(BD-RjUL)53479
040 _aBD-RjUL
_beng
_cBD-RjUL
041 _aeng
082 _223
_a539
_bKRM 1996
100 _aKrane, Kenneth S.
_9118606
245 _aModern physics /
_cKenneth S. Krane
250 _a1st ed.
260 _aNew York :
_bJohn Wiley & sons,
_cc1996.
300 _axiv, 581 p. :
_bill. ;
_c25 cm.
500 _aIncludes index
650 _aModern Physics.
_9159266
942 _2ddc
_cBK
999 _c53359
_d53359